000 00723cam a2200193 4500
001 ABS61261
008 000000n1999 000 0 eng u
035 _a(Sirsi) u101880
100 _aCourt, P.
245 _aWhere will the new towns in the south east go?
260 _c1999
490 _aProperty Forecast
_v2(9) September 1999, 2-3(2)
520 _aConsiders the need for new housing in the south east. Argues that SERPLAN (South East Regional Planning Authority) has failed to make the necessary provision or offer guidance leaving a vacuum of authority.
650 _aSERPLAN
650 _aSOUTH EAST REGIONAL PLANNING AUTHORITY
650 _aNEW HOUSES
690 _aPLANNING LAW AND PRACTICE
942 _n0
999 _c60983
_d60983